Ghost (Record no. 3026)

000 -LEADER
fixed length control field 00454nam a2200145 4500
008 - FIXED-LENGTH DATA ELEMENTS--GENERAL INFORMATION
fixed length control field 150808b xxu||||| |||| 00| 0 eng d
020 ## - INTERNATIONAL STANDARD BOOK NUMBER
International Standard Book Number 9781416509059
050 ## - LIBRARY OF CONGRESS CALL NUMBER
Classification number PS 3568 .I577G48 2005
100 ## - MAIN ENTRY--PERSONAL NAME
Personal name Ringo, John
Dates associated with a name 2005
245 ## - TITLE STATEMENT
Title Ghost
Statement of responsibility, etc. John Ringo
260 ## - PUBLICATION, DISTRIBUTION, ETC. (IMPRINT)
Place of publication, distribution, etc. Riverdale:
Name of publisher, distributor, etc. Baen Publishing Enterprises,
Date of publication, distribution, etc. 2005.
300 ## - PHYSICAL DESCRIPTION
Extent 403p.
650 ## - SUBJECT ADDED ENTRY--TOPICAL TERM
Topical term or geographic name as entry element United States. Navy. SEALS--Fiction
942 ## - ADDED ENTRY ELEMENTS (KOHA)
Source of classification or shelving scheme
Koha item type Hard Covered Materials
Classification part PS 3568 .I577G48 2005
Holdings
Withdrawn status Lost status Source of classification or shelving scheme Damaged status Not for loan Home library Current library Shelving location Date acquired Source of acquisition Total Checkouts Full call number Barcode Date last seen Date last checked out Price effective from Koha item type
          MACHAKOS UNIVERSITY LIBRARY MACHAKOS UNIVERSITY LIBRARY Open shelf 08/08/2015 Donation (BFA) 5 PS 3568 .I577G48 2005 7309 02/03/2026 18/02/2026 08/08/2015 Hard Covered Materials
© Machakos University Library, Along The Highway, Machakos Wote Rd, Machakos, Kenya P.O. Box 136 - 90100 Machakos - Kenya

Tel: ( +254 ) 723 805829 OR Fax : 044-20353 OR Email: library@mksu.ac.ke